Boris N. Polevoj 4.3.1908 - 12.7.1981

Bibliographic Details
Format: Article
Language:Slovak
PhysicalDescription:Fot. 2.
Subjects:

MARC

LEADER 00000nab a2200000 a 4500
001 vtls000093180
003 SK-MaSNL
005 20260303180359.0
008 150430c1981 xo 0 slo
015 |a SNBRB19rr/mm-uuuuu 
035 |a CL0103283 
040 |a SNKBUCL  |b slo  |c SNKBUCL  |e AACR2 
041 0 |a slo 
044 |a xo  |c SK 
080 |a 82:929:882  |2 1981 
080 |a 882  |2 1981 
080 |a 929 Polevoj, Boris  |2 1981 
245 0 0 |a Boris N. Polevoj 4.3.1908 - 12.7.1981 
300 |b Fot. 2. 
600 1 7 |a Polevoj, Boris Nikolajevič,  |d 1908-1981  |2 snkbucl  |9 122964 
650 0 7 |a sovietska literatúra  |2 snkbucl  |9 22300 
655 7 |a články z novín a časopisov  |2 snkbucl  |9 267496 
655 7 |a články z odboru literárna veda a krásna literatúra  |2 snkbucl  |9 770045 
773 0 |t Express  |g Roč. 13, č. 31 (1981), s. . 20 
850 |a Slovenská národná knižnica v Martine  |a MTA001 
852 |a SNK  |b KIS3GCP 
958 |a RK 
958 |a LX 
958 |a SK 
992 |a RBX 
999 |c 2106056  |d 2107986